| 000 | 00352nam a2200145Ia 4500 | ||
|---|---|---|---|
| 008 | 230917s9999||||xx |||||||||||||| ||und|| | ||
| 040 |
_e136099 _aMAIN |
||
| 041 | _aEnglish | ||
| 082 | _a330.954 S64B | ||
| 100 | _aSingh, Sudama | ||
| 245 | 0 | _aBhartiya arthvyvastha | |
| 260 |
_aNew Delhi _bRadha Publications _c1996 |
||
| 300 | _a389 p. | ||
| 942 | _cBK | ||
| 999 |
_c95433 _d95433 |
||